<?xml version="1.0" encoding="UTF-8"?>
<marc:record xmlns:marc="http://www.loc.gov/MARC21/slim">
   <marc:leader>00000nam a2200000 a 4500</marc:leader>
   <marc:datafield ind1="1" ind2=" " tag="100">
      <marc:subfield code="a">Irving, John</marc:subfield>
      <marc:subfield code="4">aut</marc:subfield>
      <marc:subfield code="e">Verfasser/-in</marc:subfield>
   </marc:datafield>
   <marc:datafield ind1="1" ind2=" " tag="100">
      <marc:subfield code="a">Hallström, Lasse</marc:subfield>
   </marc:datafield>
   <marc:datafield ind1="0" ind2="0" tag="245">
      <marc:subfield code="a">Gottes Werk &amp; Teufels Beitrag</marc:subfield>
   </marc:datafield>
   <marc:datafield ind1="0" ind2="0" tag="245">
      <marc:subfield code="c">John Irving. Regie: Lasse Hallström</marc:subfield>
   </marc:datafield>
   <marc:datafield ind1=" " ind2="1" tag="264">
      <marc:subfield code="a">Ismaning/München</marc:subfield>
      <marc:subfield code="b">Taurus Video GmbH</marc:subfield>
      <marc:subfield code="c">1999</marc:subfield>
   </marc:datafield>
   <marc:datafield ind1="1" ind2=" " tag="520">
      <marc:subfield code="a">Homer kümmert sich im Waisenhaus St. Cloud um die Kinder und hilft dort seinem Freund Dr. Larch. Als das Paar Wally und Candy zu Larch kommt, um sein Kind abtreiben zu lassen, schließt Homer mit ihnen Freundschaft. Wally wird eingezogen, und aus Homers Freundschaft mit Candy entwickelt sich eine Affäre.</marc:subfield>
   </marc:datafield>
   <marc:datafield ind1=" " ind2=" " tag="020">
      <marc:subfield code="a">6680020972</marc:subfield>
      <marc:subfield code="9">6680020972</marc:subfield>
   </marc:datafield>
   <marc:datafield ind1=" " ind2=" " tag="300">
      <marc:subfield code="a">ca. 120 Min.</marc:subfield>
   </marc:datafield>
</marc:record>
